Normal view
MARC view
Entry Personal Name
001 - CONTROL NUMBER
- control field: 68907
003 - CONTROL NUMBER IDENTIFIER
- control field: OSt
005 - DATE AND TIME OF LATEST TRANSACTION
- control field: 20170829130049.0
008 - FIXED-LENGTH DATA ELEMENTS
- fixed length control field: 170829|| aca||aabn | a|a d
040 ## - CATALOGING SOURCE
- Original cataloging agency: OSt
- Transcribing agency: OSt
100 ## - HEADING--PERSONAL NAME
- Personal name: Laha, Kalicharan
670 ## - SOURCE DATA FOUND
- Source citation: Work cat.: (OSt): Laha, Kalicharan , Born Leader: Swami Vivekananda , 2016









